Running Lean: Iterate from plan A to a plan that works

Αποθηκεύτηκε σε:
Λεπτομέρειες βιβλιογραφικής εγγραφής
Κύριος συγγραφέας: Maurya, Ash (autor)
Μορφή: Βιβλίο
Γλώσσα:Αγγλικά
Έκδοση: Beijing O'Reilly Media Inc. 2015
Έκδοση:2a. ed
Σειρά:Lean Series
Θέματα:
Ετικέτες: Προσθήκη ετικέτας
Δεν υπάρχουν, Καταχωρήστε ετικέτα πρώτοι!

MARC

LEADER 00000cam a2200000 a 4500
001 UCE9025
003 CL-VaPUC
008 150928e20150000ch |||||||||||||||||eng|d
020 |a 9781449305178 
082 0 4 |a 658.4012  |b MAU  |2 21 
100 |a Maurya, Ash  |e autor  |9 581733 
245 1 0 |a Running Lean: Iterate from plan A to a plan that works 
250 |a 2a. ed 
300 |a 207 p 
942 |c BK 
945 |d 20150928 14:02:00  |a dcastane 
260 |a Beijing  |b O'Reilly Media Inc.  |c 2015 
650 7 |a EMPRESARIADO  |2 CL-VaPUC  |9 581734 
650 0 |a Empresas   |9 255569 
650 0 |a Planificación estratégica   |9 259735 
583 |a last modification  |c 20150928 14:02:00  |k Rodrigo Vera 
490 0 |a Lean Series 
999 |c 360764  |d 360762 
952 |0 0  |1 0  |3 erd  |4 0  |6 658_401200000000000_MAU_2015  |7 0  |8 A  |9 470707  |a BIBING  |b BIBING  |i 5199646  |o 658.4012 MAU 2015  |p 5199646  |r 2025-01-20  |w 2019-11-23  |y BK  |z Catalogado en:20150928  |k EII 
952 |0 0  |1 0  |3 erd  |4 0  |6 658_401200000000000_MAU_2015  |7 0  |8 A  |9 470708  |a BIBING  |b BIBING  |i 5199654  |o 658.4012 MAU 2015  |p 5199654  |r 2025-01-20  |w 2019-11-23  |y BK  |z Catalogado en:20150928  |k EII 
952 |0 0  |1 0  |3 erd  |4 0  |6 658_401200000000000_MAU_2015  |7 0  |8 A  |9 470709  |a BIBING  |b BIBING  |i 5199662  |o 658.4012 MAU 2015  |p 5199662  |r 2025-01-20  |w 2019-11-23  |y BK  |z Catalogado en:20150928  |k EII